| 000 | 00779nam a2200253 i 4500 | ||
|---|---|---|---|
| 001 | 9348 | ||
| 003 | ES-MaACL | ||
| 005 | 20250825062625.0 | ||
| 007 | t| | ||
| 008 | 930813s1987 sp a |||| | spa d | ||
| 020 | _a84-505-6514-6 | ||
| 080 | _a087.5:86-223"19" | ||
| 100 | 1 |
_aOlmo, Lauro, _d1922-1994 _986974 |
|
| 245 | 1 | 3 |
_aEl raterillo _b; La maquinita / _cLauro Olmo, Pilar Enciso. |
| 260 |
_aValladolid : _bObra Cultural de la Caja de Ahorros Popular, _c[1987] |
||
| 300 |
_a86 p. : _bil. col. ; _c21 cm. |
||
| 490 | 1 |
_aFuente dorada ; _v1 |
|
| 655 | 7 |
_aLibros infantiles _2tgfbne _9226786 |
|
| 700 | 1 |
_aEnciso, Pilar, _d1926-2008 _947189 |
|
| 740 | 3 | 2 | _aLa maquinita. |
| 830 | 1 |
_aFuente dorada ; _v1 _9178442 |
|
| 852 | 4 |
_aES-MaACL _jL-16873 |
|
| 999 |
_c9348 _d9348 |
||